<?xml version="1.0" encoding="UTF-8"?>
<record
    xmlns:xsi="http://www.w3.org/2001/XMLSchema-instance"
    xsi:schemaLocation="http://www.loc.gov/MARC21/slim http://www.loc.gov/standards/marcxml/schema/MARC21slim.xsd"
    xmlns="http://www.loc.gov/MARC21/slim">

  <leader>03431cam a2200325 i 4500</leader>
  <controlfield tag="003">EG-GICUC</controlfield>
  <controlfield tag="005">20260309081655.0</controlfield>
  <controlfield tag="008">091112s2010    nyu    frb    001 0 eng d</controlfield>
  <datafield tag="020" ind1=" " ind2=" ">
    <subfield code="a">9780195340693</subfield>
    <subfield code="q">hbk. : alk. paper</subfield>
  </datafield>
  <datafield tag="020" ind1=" " ind2=" ">
    <subfield code="a">0195340698</subfield>
    <subfield code="q">hbk. : alk. paper</subfield>
  </datafield>
  <datafield tag="040" ind1=" " ind2=" ">
    <subfield code="a">DLC</subfield>
    <subfield code="c">DLC</subfield>
    <subfield code="d">YDX</subfield>
    <subfield code="d">UKM</subfield>
    <subfield code="d">YDXCP</subfield>
    <subfield code="d">BWX</subfield>
    <subfield code="d">RCJ</subfield>
    <subfield code="d">CDX</subfield>
    <subfield code="d">UCDLL</subfield>
    <subfield code="d">DLC</subfield>
    <subfield code="d">EG-GICUC</subfield>
    <subfield code="b">eng</subfield>
    <subfield code="e">rda</subfield>
  </datafield>
  <datafield tag="050" ind1="0" ind2="0">
    <subfield code="a">K3830</subfield>
    <subfield code="b">.A734 2010</subfield>
  </datafield>
  <datafield tag="082" ind1="0" ind2="0">
    <subfield code="a">347.224</subfield>
    <subfield code="2">21</subfield>
  </datafield>
  <datafield tag="092" ind1="0" ind2="4">
    <subfield code="2">21</subfield>
  </datafield>
  <datafield tag="099" ind1=" " ind2=" ">
    <subfield code="a">Law 12 2010</subfield>
  </datafield>
  <datafield tag="245" ind1="0" ind2="0">
    <subfield code="a">Arbitration under international investment agreements :</subfield>
    <subfield code="b">a guide to the key issues /</subfield>
    <subfield code="c">edited by Katia Yannaca-Small.</subfield>
  </datafield>
  <datafield tag="264" ind1=" " ind2=" ">
    <subfield code="a">New York :</subfield>
    <subfield code="b">Oxford University Press,</subfield>
    <subfield code="c">2010.</subfield>
  </datafield>
  <datafield tag="300" ind1=" " ind2=" ">
    <subfield code="a">xxii, 767 pages ;</subfield>
    <subfield code="c">27 cm.</subfield>
  </datafield>
  <datafield tag="336" ind1=" " ind2=" ">
    <subfield code="a">text</subfield>
    <subfield code="2">rdacontent</subfield>
  </datafield>
  <datafield tag="337" ind1=" " ind2=" ">
    <subfield code="a">Computer</subfield>
    <subfield code="2">rdamedia</subfield>
  </datafield>
  <datafield tag="338" ind1=" " ind2=" ">
    <subfield code="a">Online Resource</subfield>
    <subfield code="2">rdacarrier</subfield>
  </datafield>
  <datafield tag="504" ind1=" " ind2=" ">
    <subfield code="a">Includes bibliographical references and index.</subfield>
  </datafield>
  <datafield tag="505" ind1="0" ind2=" ">
    <subfield code="a">Bilateral investment treaties and investment provisions in regional trade agreements : recent developments in investment rulemaking / Roberto Echandi -- The energy Charter Treaty / Emmanuel Gaillard, Mark McNeill -- International dispute settlement mechanisms : choosing between institutionally supported and Ad Hoc ; and between institutions / Ucheora Onwuamaegbu -- An overview of procedure in an investment treaty arbitration / Barton Legum -- The initiation of proceedings and constitution of tribunals in investment treaty arbitrations / Antonio Parra -- Bi-trifurcation of investment disputes / Baiju S. Vasani -- Piercing the veil of confidentiality : the recent trend towards greater public participation and transparency in investor-state arbitration / Andrea Menaker -- "Equality of arms" in investment arbitration : procedural challenges / Thomas W&#xE4;lde -- The law applicable in investment treaty arbitration / Yas Banifatemi -- Who is entitled to claim? Nationality challenges / Katia Yannaca-Small -- Definition of "investment" : an open-ended search for a balanced approach / Katia Yannaca-Small -- Burden of proof regarding jurisdiction / Baiju S. Vasani and Timothy L. Foden -- Attribution / Georgios Petrochilos -- Breach of treaty claims and breach of contract claims : is it still unknown territory? / Stanimir Alexandrov -- The MFN clause : what are its limits? / Abby Cohen Smutny, Lee Steven -- Fair and equitable treatment standard / Katia Yannaca-Small -- The national treatment obligation / Andrea Bjorklund -- Indirect expropriation and the right to regulate : how to draw the line / Katia Yannaca-Small -- What about this "umbrella clause"? / Katia Yannaca-Small -- Interim relief in international investment agreements / Gabrielle Kaufmann-Kohler, Aur&#xE9;lia Antonietti -- Damages in investment treaty arbitration / Meg Kinnear -- Compensation : a closer look at cases awarding damages for violation of the fair and equitable treatment standard / Kaj Hob&#xE9;r -- Annulment of ICSID awards : limited scope but is there potential? / Katia Yannaca-Small -- Review of investment treaty awards by municipal courts / Kaj Hob&#xE9;r, Nils Eliasson -- Enforcement of investment awards / August Reinisch --The role of precedent in investment arbitration / Jan Paulsson.</subfield>
  </datafield>
  <datafield tag="650" ind1=" " ind2="0">
    <subfield code="a">Investments, Foreign</subfield>
    <subfield code="x">Law and legislation.</subfield>
  </datafield>
  <datafield tag="650" ind1=" " ind2="0">
    <subfield code="a">International commercial arbitration.</subfield>
  </datafield>
  <datafield tag="700" ind1="1" ind2=" ">
    <subfield code="a">Yannaca-Small, Katia.</subfield>
  </datafield>
  <datafield tag="856" ind1="4" ind2="0">
    <subfield code="u">https://fll.law.cu.edu.eg/fulltext/bks/ENGB12-00066.pdf</subfield>
  </datafield>
  <datafield tag="905" ind1=" " ind2=" ">
    <subfield code="a">10</subfield>
  </datafield>
  <datafield tag="942" ind1=" " ind2=" ">
    <subfield code="2">ddc</subfield>
    <subfield code="c">BK</subfield>
    <subfield code="e">21</subfield>
    <subfield code="n">0</subfield>
  </datafield>
  <datafield tag="999" ind1=" " ind2=" ">
    <subfield code="c">65862</subfield>
    <subfield code="d">65862</subfield>
  </datafield>
  <datafield tag="952" ind1=" " ind2=" ">
    <subfield code="0">0</subfield>
    <subfield code="1">0</subfield>
    <subfield code="2">ddc</subfield>
    <subfield code="4">0</subfield>
    <subfield code="7">0</subfield>
    <subfield code="8">&#x627;&#x644;&#x642;&#x627;&#x646;&#x648;&#x646; &#x627;&#x644;&#x62F;&#x648;&#x644;&#x64A; &#x627;&#x644;&#x62E;&#x627;&#x635;</subfield>
    <subfield code="a">CU</subfield>
    <subfield code="b">LAW2</subfield>
    <subfield code="d">2026-03-09</subfield>
    <subfield code="l">0</subfield>
    <subfield code="o">Law2 12 347.224 AR 2010 1200066 C1</subfield>
    <subfield code="p">ENGB12-00066</subfield>
    <subfield code="r">2026-03-09 08:18:15</subfield>
    <subfield code="t">1</subfield>
    <subfield code="w">2026-03-09</subfield>
    <subfield code="y">BK</subfield>
    <subfield code="z">1763</subfield>
  </datafield>
</record>
